| 000 | 00457nam a2200133Ia 4500 | ||
|---|---|---|---|
| 008 | 170419s9999 xx 000 0 und d | ||
| 100 | _aGiddens, Jean. | ||
| 245 | _aAnswering the call for a bachelors-prepared nursing workforce: an innovative model for academic progression | ||
| 245 | _cJean Giddens, Teresa Keller, and Judy Liesveld | ||
| 260 | _bElsevier | ||
| 260 | _c2015 | ||
| 300 | _aDecember 2015 | ||
| 440 |
_aJournal of Profesional Nursing _v31:6 |
||
| 999 |
_c329489 _d329489 |
||